Islamic architecture of Deccan India / (Record no. 9640)
[ view plain ]
| 000 -LEADER | |
|---|---|
| fixed length control field | 01105cam a22002537a 4500 |
| 003 - CONTROL NUMBER IDENTIFIER | |
| control field | AE-DuALZ |
| 008 - FIXED-LENGTH DATA ELEMENTS--GENERAL INFORMATION | |
| fixed length control field | 010921s2018 enko g b 001 0 eng d |
| 020 ## - INTERNATIONAL STANDARD BOOK NUMBER | |
| International Standard Book Number | 9781851498611 |
| 040 ## - CATALOGING SOURCE | |
| Original cataloging agency | AE-ALZAD |
| Transcribing agency | AE-ALZAD |
| 043 ## - GEOGRAPHIC AREA CODE | |
| Geographic area code | a-ii--- |
| 050 14 - LIBRARY OF CONGRESS CALL NUMBER | |
| Classification number | NA1507.D38 |
| Item number | M53 2018 |
| 100 1# - MAIN ENTRY--PERSONAL NAME | |
| Personal name | Michell, George. |
| 9 (RLIN) | 19888 |
| 245 10 - TITLE STATEMENT | |
| Title | Islamic architecture of Deccan India / |
| Statement of responsibility, etc. | George Michell, Helen Philon ; photographs, Antonio Martinelli. |
| 260 ## - PUBLICATION, DISTRIBUTION, ETC. | |
| Place of publication, distribution, etc. | Woodbridge : |
| Name of publisher, distributor, etc. | ACC Art Books, |
| Date of publication, distribution, etc. | 2018. |
| 300 ## - PHYSICAL DESCRIPTION | |
| Extent | 416 p. : |
| Other physical details | photos. ; |
| Dimensions | 33 cm. |
| 504 ## - BIBLIOGRAPHY, ETC. NOTE | |
| Bibliography, etc. note | Includes bibliographical references (p. 412) and index (p. 416). |
| 505 0# - FORMATTED CONTENTS NOTE | |
| Formatted contents note | Introduction. Historical maps ; Background ; Cities & citadels ; Palaces ; Mosques ; Tombs ; Decoration -- Daulatabad & Khuldabad -- Gulbarga & Firuzabad -- Bidar -- Ahmadnagar -- Burhanpur -- Frontier strongholds -- Bijapur -- Golconda & Hyderabad -- Aurangabad. |
| 590 ## - LOCAL NOTE (RLIN) | |
| Local note | LB-AJLLC-9177 |
| 650 #0 - SUBJECT ADDED ENTRY--TOPICAL TERM | |
| Topical term or geographic name entry element | Islamic architecture |
| Geographic subdivision | India |
| -- | Deccan. |
| 650 #0 - SUBJECT ADDED ENTRY--TOPICAL TERM | |
| Topical term or geographic name entry element | Architecture |
| Geographic subdivision | India |
| -- | Deccan. |
| 700 1# - ADDED ENTRY--PERSONAL NAME | |
| Personal name | Philon, Helen. |
| 9 (RLIN) | 19950 |
| 700 1# - ADDED ENTRY--PERSONAL NAME | |
| Personal name | Martinelli, Antonio. |
| 9 (RLIN) | 19951 |
| 942 ## - ADDED ENTRY ELEMENTS (KOHA) | |
| Source of classification or shelving scheme | Library of Congress Classification |
| Koha item type | Books |
| Withdrawn status | Lost status | Source of classification or shelving scheme | Damaged status | Not for loan | Home library | Current library | Shelving location | Date acquired | Total Checkouts | Full call number | Date last seen | Copy number | Price effective from | Koha item type |
|---|---|---|---|---|---|---|---|---|---|---|---|---|---|---|
| Library of Congress Classification | Jameel Library | Jameel Library | General Stacks | 02/25/2025 | NA1507.D38 M53 2018 | 02/25/2025 | C. 1 | 02/25/2025 | Books |